Pays qui contiennent la lettre SS+ - Statistiques

Statistiques générales
  • Ce quiz a été pris 201 fois
  • Le résultat moyen est 7 sur 14
Statistiques - réponses
Indice Pays % Correct
3 x S Suisse
77%
2 x S Russie
76%
2 x S États-Unis
70%
3 x S Saint-Christophe-et-Niévès
62%
2 x S Soudan du Sud
58%
2 x S Biélorussie
57%
3 x S Saint-Vincent-et-les-Grenadines
57%
2 x S Seychelles
48%
3 x S Émirats Arabes Unis
43%
2 x S Îles Marshall
34%
3 x S États Fédérés de Micronésie
31%
2 x S Guinée-Bissau
29%
2 x S Pays-Bas
28%
2 x S Îles Salomon
25%
Aucun quiz correspondant
Distribution des résultats
% des personnes avec chaque résultat
Percentile par nombre de réponses
Votre historique - résultats
Vous n’avez pas pris ce quiz